Palabras para una ética cotidiana : 15 digresiones filosóficas /

Detalles Bibliográficos
Autor principal: Marrone, Pierpaolo, 1961- (Autor)
Formato: Electrónico eBook
Lenguaje:español
italiano
Publicado: Bogotá, Colombia : Editorial Aula de Humanidades, 2024.
Edición:Primera edición.
Colección:Ética y sociedad (Editorial Aula de Humanidades)
Materias:
Acceso en línea:Digitalia Hispánica

MARC

LEADER 00000nam a2200000 i 4500
001 DIGAUHUM0013
003 NyNyDIG
007 cr |||||||||||
008 241210t20242021ck ob 000 0 spa d
006 m o d
035 |a (OCoLC)1478204672 
040 |a DGITA  |b eng  |e rda  |e pn  |c DGITA 
020 |a 9786287700178  |q (versión digital) 
020 |z 9786287700161  |q (versión impresa) 
041 1 |a spa  |h ita 
050 1 4 |a BJ1132 ebook 
100 1 |a Marrone, Pierpaolo,  |d 1961-  |e author. 
240 1 0 |a Parole per un'etica quotidiana.  |l Spanish 
245 1 0 |a Palabras para una ética cotidiana :  |b 15 digresiones filosóficas /  |c Pierpaolo Marrone. 
246 3 |a Palabras para una ética cotidiana :  |b quince digresiones filosóficas 
250 |a Primera edición. 
264 1 |a Bogotá, Colombia :  |b Editorial Aula de Humanidades,  |c 2024. 
264 4 |c ©2021 
300 |a 1 online resource. 
336 |a text  |b txt  |2 rdacontent 
337 |a computer  |b c  |2 rdamedia 
338 |a online resource  |b cr  |2 rdacarrier 
347 |a text file  |2 rdaft 
347 |b PDF 
490 1 |a Colección Ética y sociedad 
504 |a Includes bibliographical references. 
588 0 |a Online resource; title from PDF title page (Digitalia, viewed December 10, 2024) 
650 0 |a Ethics. 
700 1 |i Translation of:  |a Marrone, Pierpaolo,  |d 1961-  |t Parole per un'etica quotidiana. 
791 2 |a Digitalia (Firm),  |e distributor. 
793 0 |g Digitalia eBook Collection:  |a Editorial Aula de Humanidades 
776 0 8 |i Print version:  |a Marrone, Pierpaolo, 1961-  |s Parole per un'etica quotidiana. Spanish.  |t Palabras para una ética cotidiana.  |b Primera edición.  |d Bogotá, Colombia : Editorial Aula de Humanidades, [2024]  |z 9786287700161 
830 0 |a Ética y sociedad (Editorial Aula de Humanidades) 
856 4 0 |3 Digitalia Hispánica  |u https://www.digitaliapublishing.com/a/159389/ 
910 |a Premium collection: 2024